| 000 | 00642nam a2200205 a 4500 | ||
|---|---|---|---|
| 005 | 20220812064007.0 | ||
| 008 | 060221s2005 es r 000 0 spa d | ||
| 020 | _a8449316758 | ||
| 035 | _aUPN01000142562 | ||
| 049 | _aCG | ||
| 050 | 4 |
_aLB1027 _bG3.2 |
|
| 100 | 1 |
_aGardner, Howard, _d1943- _930379 |
|
| 245 | 1 | 4 |
_aLas cinco mentes del futuro : _bun ensayo educativo / _cHoward Gardner. |
| 260 |
_aBarcelona, Esp. : _bPaidós, _cc2005. |
||
| 300 | _a113 p. | ||
| 440 | 0 |
_aPaidós. _pAsterisco ; _v11 |
|
| 534 |
_pTraducción de: _tFive minds of the future: an educational essay |
||
| 650 | 4 |
_aInnovaciones educativas _9386 |
|
| 905 | _aLibro | ||
| 999 |
_c114709 _d114709 |
||